000 00432nam a2200181Ia 4500
005 20250603145715.0
008 250603s9999 xx 000 0 und d
020 _a9780702072932
050 _aRJ 48.2 .S45/
100 _aEdited by Lissauer Tom
245 0 _aSelf-assessment in paediatrics
260 _aUnited Kingdom
260 _bELSEVIER
260 _c2018
300 _a187 p
650 _aUnited Kingdom
942 _cBK
999 _c42617
_d42617